Systems analysis and design : a structured approach
Αποθηκεύτηκε σε:
| Κύριος συγγραφέας: | |
|---|---|
| Μορφή: | Βιβλίο |
| Γλώσσα: | English |
| Δημοσίευση: |
Reading, Mass. :
Addison-Wesley,
c1983
|
| Θέματα: | |
| Ετικέτες: |
Προσθήκη ετικέτας
Δεν υπάρχουν, Καταχωρήστε ετικέτα πρώτοι!
|
MARC
| LEADER | 00000cam a2200000 i 4500 | ||
|---|---|---|---|
| 001 | 1/47428 | ||
| 008 | 950215s1983 eng d | ||
| 020 | |a 0201102714 ((pbk.)) | ||
| 035 | |l 10026497 | ||
| 040 | |a GR-MY-UA |b gre |e aacr | ||
| 041 | 0 | |a eng | |
| 082 | 0 | |a 001.61 |2 (19) | |
| 100 | 1 | |a Davis, William S. |d 1943- | |
| 245 | 1 | 0 | |a Systems analysis and design : |b a structured approach / |c William S. Davis ; with contributions by Laurena Burk, Teruro Fujii, David Haddad |
| 260 | |a Reading, Mass. : |b Addison-Wesley, |c c1983 | ||
| 300 | |a xiv, 415 p.; |b ill.; |c 24 cm | ||
| 504 | |a Includes bibliographies and index | ||
| 650 | 0 | 0 | |a System design. |
| 650 | 0 | 0 | |a System analysis. |
| 650 | 0 | 0 | |a Electronic data processing |x Structured techniques. |
| 852 | |a INST |b CHIOS |e 19950215 |h 001.61 DAV |p 005200006857 |q 005200006857 |t BK |y 0 | ||
| 909 | |a Χ |b 003952 | ||